MODERN DATABASE MANAGEMENT / (Record no. 588328)
[ view plain ]
| 000 -LEADER | |
|---|---|
| fixed length control field | 00341nam a22001457a 4500 |
| 020 ## - INTERNATIONAL STANDARD BOOK NUMBER | |
| Qualifying information | PB. |
| 040 ## - CATALOGING SOURCE | |
| Transcribing agency | FIZZA ISHAQ |
| 082 ## - DEWEY DECIMAL CLASSIFICATION NUMBER | |
| Classification number | 005.74 |
| Author Mark | JEF |
| 100 ## - MAIN ENTRY--PERSONAL NAME | |
| Personal name | HOFFER,JEFFREY. |
| 9 (RLIN) | 89746 |
| 245 ## - TITLE STATEMENT | |
| Title | MODERN DATABASE MANAGEMENT / |
| Statement of responsibility, etc. | JEFFREY HOFFER. |
| 250 ## - EDITION STATEMENT | |
| Edition statement | 13th ED. |
| 260 ## - PUBLICATION, DISTRIBUTION, ETC. | |
| Place of publication, distribution, etc. | PEARSON ; |
| Date of publication, distribution, etc. | 2020. |
| 300 ## - PHYSICAL DESCRIPTION | |
| Extent | 586 P. ; |
| 942 ## - ADDED ENTRY ELEMENTS (KOHA) | |
| Source of classification or shelving scheme | |
| Koha item type | Book |
| Withdrawn status | Lost status | Source of classification or shelving scheme | Damaged status | Not for loan | Permanent Location | Current Location | Date acquired | Total Checkouts | Full call number | Barcode | Date last seen | Price effective from | Koha item type |
|---|---|---|---|---|---|---|---|---|---|---|---|---|---|
| NUST Baluchistan Campus (NBC) | NUST Baluchistan Campus (NBC) | 02/28/2022 | 005.74 JEF | Q-2612 | 02/28/2022 | 02/28/2022 | Book | ||||||
| NUST Baluchistan Campus (NBC) | NUST Baluchistan Campus (NBC) | 02/28/2022 | 005.74 JEF | Q-2613 | 02/28/2022 | 02/28/2022 | Book | ||||||
| NUST Baluchistan Campus (NBC) | NUST Baluchistan Campus (NBC) | 02/28/2022 | 005.74 JEF | Q-2614 | 02/28/2022 | 02/28/2022 | Book | ||||||
| NUST Baluchistan Campus (NBC) | NUST Baluchistan Campus (NBC) | 02/28/2022 | 005.74 JEF | Q-2615 | 02/28/2022 | 02/28/2022 | Book | ||||||
| NUST Baluchistan Campus (NBC) | NUST Baluchistan Campus (NBC) | 02/28/2022 | 005.74 JEF | Q-2616 | 02/28/2022 | 02/28/2022 | Book | ||||||
| NUST Baluchistan Campus (NBC) | NUST Baluchistan Campus (NBC) | 02/28/2022 | 005.74 JEF | Q-2617 | 02/28/2022 | 02/28/2022 | Book |
